Retired hurricanes of the 2000s - Statistics

General Stats
  • This quiz has been taken 7 times
  • The average score is 13 of 24
Answer Stats
year hurricanes % Correct
2005 katrina
100%
2008 ike
67%
2005 rita
67%
2005 wilma
67%
2001 allison
50%
2004 charley
50%
2007 dean
50%
2005 dennis
50%
2003 fabian
50%
2007 felix
50%
2004 frances
50%
2008 gustav
50%
2001 iris
50%
2003 isabel
50%
2002 isidore
50%
2004 ivan
50%
2004 jeanne
50%
2003 juan
50%
2000 Keith
50%
2002 lili
50%
2001 michelle
50%
2007 noel
50%
2008 paloma
50%
2005 stan
50%
No matching quizzes found
Score Distribution
Percent of People with Each Score
Percentile by Number Answered
Your Score History
You have not taken this quiz